[Event "Flamenco Ladies-Veterans"]
[Site "Marbella ESP"]
[Date "1999.10.21"]
[Round "1"]
[White "Spassky, Boris"]
[Black "Cramling, Pia"]
[Result "1/2-1/2"]
[WhiteElo "2545"]
[BlackElo "2505"]
[EventDate "1999.10.21"]
[PlyCount "69"]

1.e4 c5 2.Nf3 e6 3.g3 d5 4.e5 Ne7 5.Bg2 Nec6 6.d3 Nd7 7.Bf4 Qb6 8.b3 Qc7 
9.Qe2 h6 10.h4 g6 11.c3 b6 12.O-O Ba6 13.Re1 Bg7 14.Nbd2 Ne7 15.a4 g5 16.
hxg5 Ng6 17.gxh6 Nxf4 18.gxf4 Bxh6 19.Ng5 Nf8 20.c4 Ng6 21.Qg4 Qe7 22.Nxe6
fxe6 23.Qxg6+ Kd7 24.cxd5 Rag8 25.dxe6+ Qxe6 26.Qxe6+ Kxe6 27.f5+ Kxf5 28.
Nc4 Bf4 29.Re4 Bxc4 30.bxc4 Rg7 31.Ra2 Rhg8 32.f3 Bxe5 33.Kf1 Rg3 34.Rh4 
Bd4 35.Rh1 1/2-1/2

[Event "Flamenco Ladies-Veterans"]
[Site "Marbella ESP"]
[Date "1999.10.22"]
[Round "2"]
[White "Xie Jun"]
[Black "Hort, Vlastimil"]
[Result "1/2-1/2"]
[WhiteElo "2510"]
[BlackElo "2525"]
[EventDate "1999.10.21"]
[PlyCount "68"]

1.e4 c6 2.d4 d5 3.Nc3 dxe4 4.Nxe4 Bf5 5.Ng3 Bg6 6.h4 h6 7.Nf3 Nd7 8.h5 Bh7
9.Bd3 Bxd3 10.Qxd3 Ngf6 11.Bd2 e6 12.O-O-O Be7 13.Qe2 O-O 14.Ne5 c5 15.
dxc5 Nxc5 16.Ng4 Qc7 17.Kb1 Rfd8 18.Bc3 Rxd1+ 19.Rxd1 Rd8 20.Bxf6 Bxf6 21.
Nxf6+ gxf6 22.Rxd8+ Qxd8 23.b3 Qd4 24.f3 f5 25.Nf1 Nd7 26.Ne3 Nf6 27.g4 
fxg4 28.Nxg4 Nd5 29.Qe1 Kg7 30.a4 Nc3+ 31.Kc1 Na2+ 32.Kb1 Nc3+ 33.Kc1 Na2+
34.Kb1 Nc3+ 1/2-1/2

[Event "Flamenco Ladies-Veterans"]
[Site "Marbella ESP"]
[Date "1999.10.23"]
[Round "3"]
[White "Smyslov, Vassily"]
[Black "Xie Jun"]
[Result "1/2-1/2"]
[WhiteElo "2500"]
[BlackElo "2510"]
[EventDate "1999.10.21"]
[PlyCount "43"]

1.e4 e5 2.Nf3 Nc6 3.Nc3 Nf6 4.Bb5 Nd4 5.Nxd4 exd4 6.e5 dxc3 7.exf6 Qxf6 8.
dxc3 Qe5+ 9.Qe2 Qxe2+ 10.Bxe2 d5 11.Bf4 c6 12.c4 Be6 13.cxd5 Bxd5 14.O-O 
Bc5 15.Rfe1 O-O 16.Bd3 Rfe8 17.Kf1 h6 18.b3 Kf8 19.Rxe8+ Rxe8 20.Bd2 Be4 
21.Bxe4 Rxe4 22.Re1 1/2-1/2

[Event "Flamenco Ladies-Veterans"]
[Site "Marbella ESP"]
[Date "1999.10.26"]
[Round "5"]
[White "Spassky, Boris"]
[Black "Xie Jun"]
[Result "1/2-1/2"]
[WhiteElo "2545"]
[BlackElo "2510"]
[EventDate "1999.10.21"]
[PlyCount "28"]

1.e4 e5 2.Nf3 Nc6 3.Nc3 Nf6 4.Bb5 Nd4 5.Nxd4 exd4 6.e5 dxc3 7.exf6 Qxf6 8.
dxc3 Qe5+ 9.Qe2 Qxe2+ 10.Bxe2 d5 11.Be3 Be7 12.O-O-O c6 13.Rhe1 O-O 14.Bd3
Re8 1/2-1/2

[Event "Flamenco Ladies-Veterans"]
[Site "Marbella ESP"]
[Date "1999.10.27"]
[Round "6"]
[White "Cramling, Pia"]
[Black "Spassky, Boris"]
[Result "1/2-1/2"]
[WhiteElo "2505"]
[BlackElo "2545"]
[EventDate "1999.10.21"]
[PlyCount "58"]

1.d4 d5 2.Nf3 Nf6 3.c4 e6 4.Nc3 Be7 5.Bg5 h6 6.Bxf6 Bxf6 7.Qb3 c6 8.Rd1 
O-O 9.e4 dxe4 10.Nxe4 Qa5+ 11.Rd2 Be7 12.Be2 Bb4 13.Nc3 Nd7 14.O-O b6 15.
Rdd1 Bb7 16.Ne4 Be7 17.Qc2 Rfd8 18.a3 c5 19.d5 exd5 20.cxd5 Nf6 21.Ne5 b5 
22.Nc6 Bxc6 23.dxc6 Qb6 24.Nc3 c4 25.Bf3 Qc5 26.Rfe1 Rxd1 27.Rxd1 Rd8 28.
g3 g6 29.Qe2 a6 1/2-1/2

[Event "Flamenco Ladies-Veterans"]
[Site "Marbella ESP"]
[Date "1999.10.28"]
[Round "7"]
[White "Hort, Vlastimil"]
[Black "Xie Jun"]
[Result "0-1"]
[WhiteElo "2525"]
[BlackElo "2510"]
[EventDate "1999.10.21"]
[PlyCount "88"]

1.d4 Nf6 2.c4 g6 3.Nc3 Bg7 4.e4 d6 5.Be2 O-O 6.Bg5 Na6 7.Nf3 c6 8.Qc1 e5 
9.d5 cxd5 10.cxd5 Bd7 11.O-O Nc5 12.b4 Na6 13.Qa3 Nc7 14.Nd2 h6 15.Be3 Ng4
16.Bxg4 Bxg4 17.Nc4 Ne8 18.Rac1 Bd7 19.b5 b6 20.Nxd6 Qe7 21.Nc4 Qxa3 22.
Nxa3 Nd6 23.Rb1 Rfc8 24.Rb3 Rc7 25.f3 Rac8 26.Ncb1 f5 27.Nd2 Rc3 28.Re1 f4
29.Bf2 g5 30.h3 h5 31.Rxc3 Rxc3 32.Ndb1 Rc8 33.Rd1 Kf7 34.Be1 Nxb5 35.Nxb5
Bxb5 36.Nc3 Bd7 37.Rb1 Bf8 38.Rb3 a6 39.Kf1 b5 40.a3 g4 41.hxg4 hxg4 42.
Ne2 gxf3 43.gxf3 Bh3+ 44.Kg1 Rc2 0-1

[Event "Flamenco Ladies-Veterans"]
[Site "Marbella ESP"]
[Date "1999.10.30"]
[Round "8"]
[White "Galliamova-Ivanchuk, Alisa"]
[Black "Portisch, Lajos"]
[Result "1/2-1/2"]
[WhiteElo "2560"]
[BlackElo "2595"]
[EventDate "1999.10.21"]
[PlyCount "89"]

1.e4 c5 2.Nf3 e6 3.d4 cxd4 4.Nxd4 Qb6 5.Nb3 Nc6 6.Bd3 Nf6 7.O-O Be7 8.c4 
Ne5 9.Nc3 d6 10.Be3 Qc7 11.Rc1 b6 12.Be2 O-O 13.f4 Ng6 14.Nd4 a6 15.g4 h6 
16.f5 Ne5 17.h4 Nh7 18.Qe1 Qd8 19.Bf2 Bd7 20.b3 Kh8 21.a4 g6 22.Bg3 Bf6 
23.Rd1 Qe7 24.Kh1 Rad8 25.Bf3 Rg8 26.fxe6 fxe6 27.Rd2 Rgf8 28.Nce2 g5 29.
h5 Bg7 30.Nc1 Nxf3 31.Nxf3 Bc3 32.Bxd6 Qxd6 33.Rxd6 Bxe1 34.Rxe1 Rxf3 35.
Nd3 Rdf8 36.Ne5 Rxb3 37.Ng6+ Kg7 38.Rxd7+ Rf7 39.Red1 Nf6 40.Rxf7+ Kxf7 
41.e5 Nxg4 42.Rd7+ Kg8 43.Rd8+ Kf7 44.Rd7+ Kg8 45.Rd8+ 1/2-1/2

[Event "Flamenco Ladies-Veterans"]
[Site "Marbella ESP"]
[Date "1999.10.31"]
[Round "9"]
[White "Smyslov, Vassily"]
[Black "Cramling, Pia"]
[Result "1/2-1/2"]
[WhiteElo "2500"]
[BlackElo "2505"]
[EventDate "1999.10.21"]
[PlyCount "57"]

1.d4 Nf6 2.Nf3 g6 3.Bg5 Bg7 4.Nbd2 d5 5.e3 O-O 6.c3 Nbd7 7.Bd3 Re8 8.O-O 
e5 9.dxe5 Nxe5 10.Nxe5 Rxe5 11.Bf4 Re8 12.h3 c6 13.Re1 Be6 14.Nb3 Qb6 15.
Qc2 c5 16.c4 dxc4 17.Bxc4 Nd5 18.Bxd5 Bxd5 19.Qxc5 Qxc5 20.Nxc5 Bxb2 21.
Rab1 Bg7 22.Nxb7 Bxa2 23.Rb5 Rec8 24.Be5 Bxe5 25.Rxe5 Rc7 26.Ra1 Bb3 27.
Nd6 a6 28.Rea5 Rc6 29.Nb5 1/2-1/2

[Event "Flamenco Ladies-Veterans"]
[Site "Marbella ESP"]
[Date "1999.10.31"]
[Round "9"]
[White "Hort, Vlastimil"]
[Black "Galliamova-Ivanchuk, Alisa"]
[Result "1/2-1/2"]
[WhiteElo "2525"]
[BlackElo "2560"]
[EventDate "1999.10.21"]
[PlyCount "47"]

1.d4 d5 2.Nf3 Nf6 3.c4 c6 4.Nbd2 g6 5.g3 Bg7 6.Bg2 O-O 7.O-O Bf5 8.b3 a5 
9.e3 a4 10.Ba3 Re8 11.Qe2 Ne4 12.Rfc1 Nxd2 13.Qxd2 Be4 14.Qb4 b6 15.bxa4 
c5 16.Qb5 Ra5 17.Qb3 Nc6 18.Bb2 cxd4 19.Nxd4 Nxd4 20.Bxd4 Bxd4 21.exd4 
Bxg2 22.Kxg2 Qa8 23.Kg1 Rxa4 24.cxd5 1/2-1/2

[Event "Flamenco Ladies-Veterans"]
[Site "Marbella ESP"]
[Date "1999.11.01"]
[Round "10"]
[White "Galliamova-Ivanchuk, Alisa"]
[Black "Smyslov, Vassily"]
[Result "1/2-1/2"]
[WhiteElo "2560"]
[BlackElo "2500"]
[EventDate "1999.10.21"]
[PlyCount "66"]

1.e4 e5 2.Nf3 Nf6 3.d4 exd4 4.e5 Ne4 5.Qxd4 d5 6.exd6 Nxd6 7.Nc3 Nc6 8.Qf4
g6 9.b3 Bg7 10.Bb2 Qf6 11.Qxf6 Bxf6 12.O-O-O Bg4 13.Be2 O-O-O 14.h3 Be6 
15.a3 Rhe8 16.Bd3 Bf5 17.Bxf5+ Nxf5 18.Rxd8+ Rxd8 19.Re1 Nfd4 20.Nxd4 Bxd4
21.Ne4 Bxb2+ 22.Kxb2 h6 23.Nf6 b6 24.g4 Rd2 25.Re8+ Kb7 26.Ne4 Rd4 27.f3 
f5 28.Nc3 Rd2 29.Re2 Rd6 30.gxf5 gxf5 31.Rg2 Nd4 32.f4 Ne6 33.Ne2 Nd4 
1/2-1/2

[Event "Flamenco Ladies-Veterans"]
[Site "Marbella ESP"]
[Date "1999.11.01"]
[Round "10"]
[White "Cramling, Pia"]
[Black "Kortschnoj, Viktor"]
[Result "1/2-1/2"]
[WhiteElo "2505"]
[BlackElo "2625"]
[EventDate "1999.10.21"]
[PlyCount "46"]

1.d4 Nf6 2.c4 e6 3.Nc3 Bb4 4.Qc2 O-O 5.a3 Bxc3+ 6.Qxc3 d6 7.Bg5 Nbd7 8.e3 
b6 9.Bd3 Bb7 10.f3 c5 11.Ne2 Rc8 12.b4 h6 13.Bh4 d5 14.bxc5 bxc5 15.cxd5 
Nxd5 16.Bxd8 Nxc3 17.Bh4 cxd4 18.exd4 Na4 19.Rb1 Ndb6 20.Kd2 Bd5 21.Rhc1 
Nc4+ 22.Bxc4 Bxc4 23.Nc3 Nxc3 1/2-1/2